Murder on the Orient Express: книга для чтения на английском языке

Detaylı Bibliyografya
Yazar: Кристи (Вестмакотт) А. (М.) Агата (Мэри)
Diğer Yazarlar: Берестова А. И. (составитель)
Özet:Трансъевропейский экспресс оказывается в снежном плену на пути следования из Стамбула в Кале. Сильный снегопад вынуждает машиниста остановить поезд в поле. Между тем в одном из купе обнаруживают тело убитого американца. За расследование этого убийства берётся необычный пассажир, знаменитый бельгийский детектив, Эркюль Пуаро. Текст сокращён и адаптирован. Уровень В1.
Dil:İngilizce
Baskı/Yayın Bilgisi: Санкт-Петербург, Антология, 2017
Seri Bilgileri:Abridged&Adapted
Konular:
Materyal Türü: MixedMaterials Kitap
KOHA link:https://koha.lib.tpu.ru/cgi-bin/koha/opac-detail.pl?biblionumber=674425

MARC

LEADER 00000nam0a2200000 4500
001 674425
005 20241112113202.0
010 |a 978-5-9500281-3-7 
090 |a 674425 
100 |a 20240909d2017 m||y0rusy50 ca 
101 0 |a eng 
102 |a RU 
105 |a y z 001ay 
181 0 |a i   |b  e  
182 0 |a n 
183 0 |a nc  |2 RDAcarrier 
200 1 |a Murder on the Orient Express  |d Убийство в "Восточном экспрессе"  |e книга для чтения на английском языке  |f Agatha Christie  |g адапт., сокр. и слов. А. И. Берестова  |z eng 
203 |a Текст  |b визуальный  |c непосредственный 
210 |a Санкт-Петербург  |c Антология  |d 2017 
215 |a 128 с. 
225 1 |a Abridged&Adapted 
283 |a volume  |2 RDAcarrier 
320 |a Vocabulary: с. 121-127 
330 |a Трансъевропейский экспресс оказывается в снежном плену на пути следования из Стамбула в Кале. Сильный снегопад вынуждает машиниста остановить поезд в поле. Между тем в одном из купе обнаруживают тело убитого американца. За расследование этого убийства берётся необычный пассажир, знаменитый бельгийский детектив, Эркюль Пуаро. Текст сокращён и адаптирован. Уровень В1. 
606 1 |a Английский язык  |x Учебные руководства и пособия  |x Хрестоматии, книги для чтения  |9 52487 
610 1 |a английская литература 
610 1 |a адаптированные тексты 
610 1 |a книги для чтения 
610 1 |a лексика 
610 1 |a чтение 
610 1 |a детективы 
610 1 |a домашнее чтение 
686 |2 rubbk  |a Ш143.21-923.8 
700 1 |a Кристи (Вестмакотт)  |b А. (М.)  |c полное имя Дейм Агата Мэри Кларисса Кристи  |c девичья фамилия Миллер  |c псевдоним Мэри Уэстмаккот (Вестмакотт)  |c английская писательница  |f 1890-1976  |g Агата (Мэри)  |9 381 
702 1 |4 220  |a Берестова  |b А. И. 
801 0 |a RU  |b 63413507  |c 20240909 
942 |c BK